Zdravé fascie - Tréninkový program méně bolesti - více pohyblivosti

Bibliographic Details
Main Authors: Adler, Kristin (Author), Fengler, Arndt (Author)
Other Authors: Schwingerová, Mária (prekladateľka) (Translator)
Format: Book
Language:Czech
German
PhysicalDescription:182 strán farebné fotografie 23 cm
Published: Olomouc Poznání 2021
ISBN:9788088395072
Edition:1. vydání
Subjects:

MARC

LEADER 00000nam a2200000 4500
001 vtls012083485
003 SK-MaSNL
005 20260301230913.0
008 220117s2021 xr o g f 001 0 cze
020 |a 9788088395072  |q (brožované) 
040 |a SNK  |b slo  |c SNK  |e rda 
041 1 |a cze  |h ger 
044 |a xr  |c CZ 
072 7 |a 615.8  |x Fyzioterapia. Psychoterapia. Alternatívna medicína  |2 konspekt 
080 |a 611.71/.75  |2 2011 
080 |a 611.74  |2 2011 
080 |a 616.75  |2 2011 
080 |a 796.012.61  |2 2011 
080 |a 615.825  |2 2011 
080 |a 615.8  |2 2011 
080 |a (035)  |2 2011 
100 1 |a Adler, Kristin  |4 aut  |9 611783 
240 1 0 |a Gesunde Faszien - Ihr Trainingsprogramm  |l Česky 
245 1 0 |a Zdravé fascie - Tréninkový program  |b méně bolesti - více pohyblivosti  |c Kristin Adler - Arndt Fengler ; přeložila Mária Schwingerová 
246 3 8 |a Zdravé fascie 
250 |a 1. vydání 
264 1 |a Olomouc  |b Poznání  |c 2021 
300 |a 182 strán  |b farebné fotografie  |c 23 cm 
336 |a text  |b txt  |2 rdacontent 
336 |a statický obraz  |b sti  |2 rdacontent 
337 |a bez média  |b n  |2 rdamedia 
338 |a zväzok  |b nc  |2 rdacarrier 
500 |a Preložené z nemčiny 
500 |a Obsahuje profesijné údaje o autoroch spolu s portrétmi na záložke prebalu publikácie 
504 |a Bibliografia na strane 180, vecný register 
650 0 7 |a pohybové ústrojenstvo  |2 SNKPH  |9 67465 
650 0 7 |a fascia (anatómia)  |2 SNKPH  |9 182107 
650 0 7 |a kondičné cvičenia  |2 SNKPH  |9 710 
650 0 7 |a rehabilitačné cvičenia  |2 SNKPH  |9 2583 
650 0 7 |a fyzioterapia  |2 SNKPH  |9 2471 
650 0 7 |a Musculoskeletal system  |2 SNKPHeng  |9 312608 
650 0 7 |a Fasciae (anatomy)  |2 SNKPHeng  |9 445165 
650 0 7 |a Conditioning  |2 SNKPHeng  |9 312689 
650 0 7 |a Exercise therapy  |2 SNKPHeng  |9 317834 
650 0 7 |a Physiotherapy  |2 SNKPHeng  |9 268132 
655 7 |a príručky  |2 SNKPH  |9 74364 
655 7 |a Handbooks, manuals, etc.  |2 SNKPHeng  |9 90964 
700 1 |a Fengler, Arndt  |4 aut  |9 611784 
700 1 |a Schwingerová, Mária  |c (prekladateľka)  |4 trl  |9 179965 
852 |a Slovenská národná knižnica 
919 |a 978-80-88395-07-2 
958 |a ZS 
958 |a OP 
999 |c 956449  |d 958379 
952 |a SNK  |b SNK  |y VYP  |7 0  |p 17A1540389  |o snkIC 147862  |i snk2024/74  |8 4  |g 11.84  |0 0  |1 0  |4 0  |d 2022-05-23  |l 0  |r 2026-02-24 10:05:55  |w 2026-02-24